000 00532nam a2200157 a 4500
001 000044678
005 20201002045540.0
008 141216s2011 dr ac 000 0 spa d
020 _a9789945877267
040 _aDO-SdBNP
_bspa
_cBNPHU
082 _axxxx
_bxxxx
110 1 _aRepública Dominicana.
_bObservatorio de Justicia y Género
_972681
245 1 0 _aGuía de contenido del observatorio de justicia y género.
260 _aSanto Domingo :
_bObservatorio de Justicia y Género,
_c2011.
300 _a7 p. :
_bil., retrs. ;
_c14 cm.
999 _c44167
_d44167